000
00273nam a2200109Ia 4500
008
220204s9999 xx 000 0 und d
082
_a
301
_b
PET
100
_a
Peterson, Wilfred A
245
4
_a
The Art of living
260
_a
New York
_b
Simon and Schuster
_c
1966
942
_c
BK
999
_c
32089
_d
32089